000 00808cam a22002411 4500
001 f 01001194
003 DLC
005 20260227111239.0
008 820423s1891 fr 000 0 fre
010 _af 01001194
035 _a(OCoLC)8367345
040 _aDLC
_cOCoLC
_dDLC
042 _apremarc
050 0 0 _aPQ276
_b.A6
100 1 _aAlbert, Maurice,
_d1854-1907.
245 1 3 _aLa littérature française sous la révolution, l'empire et la restauration (1789-1830),
_cpar Maurice Albert ...
250 _a2. éd.
260 _aParis,
_bLecène, Oudin et cie,
_c1891.
300 _a2 p. l., 358 p.
_c18 cm.
490 0 _aNouvelle bibliothèque littéraire
650 0 _aFrench literature
_y19th century
_xHistory and criticism.
650 0 _aFrench literature
_y18th century
_xHistory and criticism.
999 _c22547
_d22547